00327nam a2200109Ia 4500008004100000041000800041100002300049245007000072260003700142300000800179700003000187250110s9999 xx 000 0 und d aeng aBhavthankar Monica aPaithani Kalagruha Centre For Traditional Art Of Paithani At Pune bFinal Year B.Arch ID, Punec2014 a88p aGuide Name:Sowani Avinash